Sample surveys of current interest (Record no. 491567)

000 -LEADER
fixed length control field 00456cam a22001217a 4500
008 - FIXED-LENGTH DATA ELEMENTS--GENERAL INFORMATION
fixed length control field 180718b1967 xxu||||| |||| 00| 0 eng d
082 ## - DEWEY DECIMAL CLASSIFICATION NUMBER
Classification number I5513 Un3/11
245 ## - TITLE STATEMENT
Title Sample surveys of current interest
Statement of responsibility, etc. by Department of Economic and Social Affairs, United Nations
260 ## - PUBLICATION, DISTRIBUTION, ETC.
Place of publication, distribution, etc. New York
Name of publisher, distributor, etc. United Nations publications
Date of publication, distribution, etc. 1967
300 ## - PHYSICAL DESCRIPTION
Extent 374+p
440 ## - SERIES STATEMENT/ADDED ENTRY--TITLE
Title Statistical papers series no. 12
700 ## - ADDED ENTRY--PERSONAL NAME
Personal name United Nations. Department of Economic and Social Affairs
Holdings
Withdrawn status Lost status Damaged status Not for loan Permanent Location Current Location Date acquired Full call number Barcode Date last seen Price effective from Koha item type
        Indian Institute of Public Administration Indian Institute of Public Administration 2018-08-04 I5513 Un3/11 GG6649 2018-08-04 2018-08-04 GG

Powered by Koha